5HLuxD.jpg

KING HENRY VIII SENIOR AND PRIMARY SCHOOL LIBRARY OPAC

Amazing Chinese Workbook 1/ (Record no. 2369)

000 -LEADER
fixed length control field 00696nam a22002537a 4500
005 - DATE AND TIME OF LATEST TRANSACTION
control field 20230502110339.0
008 - FIXED-LENGTH DATA ELEMENTS--GENERAL INFORMATION
fixed length control field 230502b ||||| |||| 00| 0 eng d
020 ## - INTERNATIONAL STANDARD BOOK NUMBER
International Standard Book Number 9786263264823
040 ## - CATALOGING SOURCE
Transcribing agency KH8
082 ## - DEWEY DECIMAL CLASSIFICATION NUMBER
Classification number 495 YEH
100 ## - MAIN ENTRY--PERSONAL NAME
Personal name Yeh, Shao-Ping,
Relator term author.
245 ## - TITLE STATEMENT
Title Amazing Chinese Workbook 1/
Statement of responsibility, etc. Shao-Ping Yeh
260 ## - PUBLICATION, DISTRIBUTION, ETC.
Place of publication, distribution, etc. Taiwan:
Name of publisher, distributor, etc. Kang Hsuan Education Corp.,
Date of publication, distribution, etc. 2019.
300 ## - PHYSICAL DESCRIPTION
Extent 144 pages :
Other physical details illustrations.
440 ## - SERIES STATEMENT/ADDED ENTRY--TITLE
Title Amazing Chinese
Volume/sequential designation 1
500 ## - GENERAL NOTE
General note Amazing Chinese Workbook
500 ## - GENERAL NOTE
General note lesson exercises
500 ## - GENERAL NOTE
General note language learning
700 ## - ADDED ENTRY--PERSONAL NAME
Personal name Chen, Lifen
700 ## - ADDED ENTRY--PERSONAL NAME
Personal name Tu, Jessy
700 ## - ADDED ENTRY--PERSONAL NAME
Personal name Tam, Hugo Wing-Yu
700 ## - ADDED ENTRY--PERSONAL NAME
Personal name Daiwei, Wei
942 ## - ADDED ENTRY ELEMENTS (KOHA)
Source of classification or shelving scheme
Koha item type Teaching Resources
Holdings
Withdrawn status Lost status Source of classification or shelving scheme Damaged status Not for loan Collection code Permanent Location Current Location Shelving location Date acquired Total Checkouts Full call number Barcode Date due Date last seen Date last checked out Price effective from Koha item type
          Teaching Resources KH8 Senior School Library KH8 Senior School Library Staff Office 2023-05-02 5 495 YEH TRKHSL000531 2026-07-03 2025-07-01 2025-07-01 2023-05-02 Teaching Resources

Powered By KH8 IT Dept